Kaupungit Kanadassa - Äkkikuolema - Statistics

Yleistilastot
  • Tätä visaa on pelattu 83 kertaa
  • Keskiarvotulos 8 / 24
Answers on the Grid
Answers color-coded by a green-red scale on the quiz's grid according to % correct below.
Blackpool
Calgary
Charlottetown
Chilliwack
Christchurch
Darwin
Duluth
Fargo
Fort McMurray
Galway
Halifax
Hamilton
Helena
Ice Harbor
Kamloops
Kitchener
Le Havre
Moncton
Montreal
Moose Jaw
Niagaran Putoukset
Oswego
Ottawa
Red Deer
Regina
Saskatoon
St. John's
Sudbury
Tacoma
Thunder Bay
Trois-Rivières
Vancouver
Victoria
Villeurbanne
Windsor
Winnipeg
 
Vastaustilastot
Vastaus % Oikein
Calgary
83%
Montreal
69%
Ottawa
64%
Vancouver
64%
Winnipeg
61%
Halifax
53%
Hamilton
42%
Saskatoon
42%
Thunder Bay
42%
Victoria
33%
Moose Jaw
31%
St. John's
28%
Charlottetown
25%
Regina
25%
Fort McMurray
22%
Chilliwack
19%
Red Deer
19%
Kitchener
17%
Moncton
17%
Niagaran Putoukset
17%
Kamloops
14%
Windsor
14%
Sudbury
11%
Trois-Rivières
8%
Ehtoja vastaavia visoja ei löytynyt
Tulosjakauma
Jokaisen tuloksen saaneiden osuus
Persentiili vastausten määrän mukaan
Tuloshistoriasi
Et ole pelannut tätä visaa